00774nam a2200241Ia 450000500170000000800410001702000150005804000180007304100080009106000140009910000410011324500640015424600740021826000440029230000180033650400270035465000270038165000300040865000160043870000280045470000260048270000240050820211111074617.0130821s2001 sp gr spa  a8495058960 aCo-BoUCMbspa00aspa aWT 145251 aGonzález Núñez, Manuel Lorenzo00aDepresióncManuel Lorenzo González Núñez...[et. al] aNuevos enfoques de la gerontología para los comienzos del siglo XXI aMadrid (España)bEdiciones 2010c2001 a214 páginas aIncluye bibliografía04aAncianosxPsicología04aDepresión en ancianidad04aGeriatría1 aCarrasco Cabeza, Isabel1 aGarcia Moraga, Silvia1 aGil Gregorio, Pedro